Die neue Offensive der Atomwirtschaft : Treibhauseffekt, Sicherheitsdiskussion, Markt im Osten /

Saved in:
Bibliographic Details
Main Authors: Rosenkranz, Gerd (Author), Meichsner, Irene (Author), Kriener, Manfred (Author)
Format: Book
Language:German
Published: München : Beck, 1992
Subjects:
Tags: Add Tag
No Tags, Be the first to tag this record!

MARC

LEADER 00000nam a22000003a 4500
001 stu9451
005 20150617225807.0
008 970407s1992----gw------------------ger-d
020 |a 3-406-34085-7 
040 |a STU  |b slo 
041 0 |a ger 
044 |a gw 
080 |a 621.311.25 
080 |a 621.039 
080 |a 502.55 
084 |a A9610N  |2 INS 
084 |a B8220  |2 INS 
084 |a A8670  |2 INS 
100 1 |a Rosenkranz, Gerd  |4 aut 
245 1 |a Die neue Offensive der Atomwirtschaft :  |b Treibhauseffekt, Sicherheitsdiskussion, Markt im Osten /  |c [aut.] Rosenkranz,Gerd; Meichsner,Irene; Kriener,Manfred 
260 |a München :  |b Beck,  |c 1992 
300 |a 351 s 
650 7 |a energetické hospodárstvo  |2 stusub 
650 7 |a atómová energetika  |2 stusub 
650 7 |a jadrové elektrárne  |2 stusub 
700 1 |a Meichsner, Irene  |4 aut 
700 1 |a Kriener, Manfred  |4 aut 
996 |b E81150  |c E*81150  |l EE10  |s P  |a 0  |w stu9451_0001